Legislación sobre los impuestos especiales de alcoholes, azúcares, achicoria y cerveza / (Record no. 90415)

MARC details
000 -LEADER
campo de control de longitud fija 00663nam a2200181 i 4500
001 - NÚMERO DE CONTROL
campo de control 90415
003 - IDENTIFICADOR DE NÚMERO DE CONTROL
campo de control ES-MaACL
005 - FECHA Y HORA DE LA ÚLTIMA TRANSACCIÓN
campo de control 20230906180433.0
007 - CAMPO FIJO DE DESCRIPCIÓN FÍSICA--INFORMACIÓN GENERAL
campo de control de longitud fija t|
008 - DATOS DE LONGITUD FIJA--INFORMACIÓN GENERAL
campo de control de longitud fija 050120s1948 sp ||||1| spa d
245 00 - MENCIÓN DEL TÍTULO
Título Legislación sobre los impuestos especiales de alcoholes, azúcares, achicoria y cerveza /
Mención de responsabilidad, etc. por Eugenio Alcalá del Olmo, José Ordoñez Beyxer y Luis Velasco de Toledo.
260 ## - PUBLICACIÓN, DISTRIBUCIÓN, ETC.
Lugar de publicación, distribución, etc. Madrid :
Nombre del editor, distribuidor, etc. [s.n.],
Fecha de publicación, distribución, etc. 1948 (
Fabricante Uguina)
300 ## - DESCRIPCIÓN FÍSICA
Extensión 847 p. :
Otras características físicas il. ;
Dimensiones 20 cm.
700 1# - ENTRADA AGREGADA--NOMBRE PERSONAL
Nombre de persona Alcalá del Olmo, Eugenio.
9 (RLIN) 19457
700 1# - ENTRADA AGREGADA--NOMBRE PERSONAL
Nombre de persona Ordóñez Beyxer, José.
9 (RLIN) 87196
700 1# - ENTRADA AGREGADA--NOMBRE PERSONAL
Nombre de persona Velasco de Toledo, Luis.
9 (RLIN) 113754
852 ## - LOCALIZACIÓN
Ubicación ES-MaACL
Número de control de estantería C-5586
Sublocalización o colección R.26237
Holdings
Estatus retirado Estado de pérdida Estado de daño No para préstamo Biblioteca de origen Biblioteca actual Ubicación en estantería Fecha de adquisición Fuente de adquisición Total de préstamos Signatura topográfica completa Código de barras Visto por última vez Precio de reemplazo Tipo de ítem Koha
        Biblioteca del Ateneo de Madrid Biblioteca del Ateneo de Madrid Sala Palomar 17/01/2008     C-5586 1094415 23/02/2023 23/02/2023 Libro impreso